Improving What is Learned at University : An exploration of the social and organisational diversity of university education

Salvato in:
Dettagli Bibliografici
Autori principali: Brennan, John (Autore), et al (Autore)
Natura: Libro
Lingua:inglese
Pubblicazione: Oxon : Routledge, 2010
Serie:Improving Learning Series
Soggetti:
Tags: Aggiungi Tag
Nessun Tag, puoi essere il primo ad aggiungerne!!

MARC

LEADER 00000nam a22000003a 4500
001 stu220509
005 20150617230113.9
008 110127s2010----uk------------------eng-d
020 |a 978-0-415-48016-1 
040 |a STU  |b slo 
041 0 |a eng 
044 |a uk 
100 1 |a Brennan, John  |4 aut 
245 1 |a Improving What is Learned at University :  |b An exploration of the social and organisational diversity of university education 
260 |a Oxon :  |b Routledge,  |c 2010 
300 |a 241 s 
650 7 |a vysokoškolské vzdelávanie  |2 stusub 
700 1 |a et al.  |4 aut 
830 0 |a Improving Learning Series 
996 |b 284M079112  |c M*12874-1  |l MMKN  |s A  |a 24  |w stu220509_0001